Vlaggen van de wereld - Random - Statistieken

Algemene statistieken
  • Deze quiz is 14 keer genomen
  • De gemiddelde score is 145 van 196
Antwoordstatistieken
Foto Antwoord % Correct
Guatemala
90%
Laos
90%
Saint Vincent en de Grenadines
90%
Afghanistan
80%
Albanië
80%
Andorra
80%
Argentinië
80%
Armenië
80%
Australië
80%
Azerbeidzjan
80%
Bahamas
80%
Bahrein
80%
Barbados
80%
België
80%
Bhutan
80%
Bosnië en Herzegovina
80%
Brazilië
80%
Brunei
80%
Bulgarije
80%
Canada
80%
Chili
80%
China
80%
Colombia
80%
Cyprus
80%
Denemarken
80%
Duitsland
80%
Estland
80%
Fiji
80%
Finland
80%
Frankrijk
80%
Georgië
80%
Griekenland
80%
Guyana
80%
Haïti
80%
Hongarije
80%
Ierland
80%
IJsland
80%
India
80%
Indonesië
80%
Iran
80%
Israël
80%
Italië
80%
Japan
80%
Kazachstan
80%
Kirgizië
80%
Kiribati
80%
Kosovo
80%
Kroatië
80%
Letland
80%
Libanon
80%
Maldiven
80%
Malta
80%
Marshalleilanden
80%
Moldavië
80%
Mongolië
80%
Nederland
80%
Nepal
80%
Nicaragua
80%
Nieuw-Zeeland
80%
Noord-Korea
80%
Noord-Macedonië
80%
Noorwegen
80%
Oekraïne
80%
Pakistan
80%
Palau
80%
Papoea-Nieuw-Guinea
80%
Paraguay
80%
Peru
80%
Qatar
80%
Roemenië
80%
Rusland
80%
San Marino
80%
Saoedi-Arabië
80%
Servië
80%
Singapore
80%
Slovenië
80%
Slowakije
80%
Spanje
80%
Tsjechië
80%
Turkije
80%
Tuvalu
80%
Uruguay
80%
Vaticaanstad
80%
Venezuela
80%
Verenigde Arabische Emiraten
80%
Verenigde Staten
80%
Verenigd Koninkrijk
80%
Zuid-Afrika
80%
Zuid-Korea
80%
Zweden
80%
Zwitserland
80%
Algerije
70%
Angola
70%
Antigua en Barbuda
70%
Bangladesh
70%
Belarus
70%
Belize
70%
Benin
70%
Botswana
70%
Burkina Faso
70%
Burundi
70%
Cambodja
70%
Centraal-Afrikaanse Republiek
70%
Costa Rica
70%
Cuba
70%
Democratische Republiek Congo
70%
Dominica
70%
Ecuador
70%
Egypte
70%
El Salvador
70%
Equatoriaal-Guinea
70%
Eritrea
70%
Eswatini
70%
Ethiopië
70%
Filipijnen
70%
Ghana
70%
Guinee
70%
Honduras
70%
Irak
70%
Ivoorkust
70%
Jamaica
70%
Jemen
70%
Jordanië
70%
Kaapverdië
70%
Kameroen
70%
Kenia
70%
Lesotho
70%
Liberia
70%
Libië
70%
Liechtenstein
70%
Litouwen
70%
Luxemburg
70%
Madagaskar
70%
Malawi
70%
Maleisië
70%
Mali
70%
Marokko
70%
Mauritanië
70%
Monaco
70%
Montenegro
70%
Myanmar
70%
Nauru
70%
Nigeria
70%
Oeganda
70%
Oman
70%
Oostenrijk
70%
Oost-Timor
70%
Panama
70%
Polen
70%
Portugal
70%
Republiek Congo
70%
Saint Kitts en Nevis
70%
Salomonseilanden
70%
Sao Tomé en Principe
70%
Senegal
70%
Seychellen
70%
Sierra Leone
70%
Somalië
70%
Sri Lanka
70%
Suriname
70%
Syrië
70%
Tadzjikistan
70%
Taiwan
70%
Thailand
70%
Togo
70%
Tonga
70%
Trinidad en Tobago
70%
Tsjaad
70%
Tunesië
70%
Turkmenistan
70%
Vanuatu
70%
Vietnam
70%
Zambia
70%
Zimbabwe
70%
Zuid-Soedan
70%
Bolivia
60%
Comoren
60%
Djibouti
60%
Dominicaanse Republiek
60%
Gabon
60%
Gambia
60%
Grenada
60%
Guinee-Bissau
60%
Koeweit
60%
Mauritius
60%
Mexico
60%
Micronesia
60%
Mozambique
60%
Namibië
60%
Niger
60%
Oezbekistan
60%
Rwanda
60%
Saint Lucia
60%
Samoa
60%
Soedan
60%
Tanzania
60%
Geen overeenkomende quizzen gevonden
Scoreverdeling
Procent van Mensen met Elke Score
Percentiel versus Aantal Correcte Antwoorden
Uw Scoregeschiedenis
U heeft deze quiz nog niet genomen